'Y' Vocabulary (Easy) Quiz Stats

 Plays Quiz Updated Dec 3, 2016

Support Sporcle.
Go Orange.
Score 0/22 Timer 03:00
12 Plays Today
% Correct
yacht
96.5%
yellow
96.5%
yesterday
96.5%
yearbook
96.4%
yummy
96.4%
year
96.3%
yoga
95.8%
yucky
95.7%
yard
95.7%
yawn
95.7%
yogurt
95.7%
% Correct
yell
95.6%
yolk
95.6%
yank
95.3%
yo-yo
94.9%
yearn
94.6%
youth
94.5%
yak
93.8%
yarn
93.5%
yeti
91.9%
yet
91.9%
young
91.3%

You're not logged in!

Compare scores with friends on all Sporcle quizzes.
OR
Log In

From the Vault

Borders of France (1870-)

by Edelweiss

We couldn't find a source for Mordor bordering France, but we're pretty sure it does.
Remove Ads.
Support Sporcle.
Get the best of Sporcle when you Go Orange. This ad-free experience offers more features, more stats, and more fun while also helping to support Sporcle. Thank you for becoming a member.

Show Comments

Extras

Top Quizzes Today


Score Distribution

Your Account Isn't Verified!

In order to create a playlist on Sporcle, you need to verify the email address you used during registration. Go to your Sporcle Settings to finish the process.

Report this User

Report this user for behavior that violates our Community Guidelines.

Details: